[Event "GER-chT Lands U20"]
[Site "Hannover"]
[Date "2023.10.03"]
[Round "4"]
[White "Weber, Nikita"]
[Black "Nizamova, Rita"]
[Result "1-0"]
[WhiteElo "1650"]
[BlackElo "1755"]
[PlyCount "145"]
[EventDate "2023.10.01"]
[EventType "team-swiss"]
[EventRounds "7"]
[EventCountry "GER"]
[SourceTitle "EXT 2024"]
[Source "ChessBase"]
[SourceDate "2023.10.10"]
[SourceVersion "1"]
[SourceVersionDate "2023.10.10"]
[SourceQuality "1"]

1. Nf3 Nf6 2. g3 d5 3. Bg2 c5 4. 0-0 Nc6 5. d4 cxd4 6. Nxd4 e5 7. Nxc6 bxc6 8. c4 e4 9. Bg5 Be7 10. Nc3 Bb7 11. Qc2 0-0 12. Rad1 Qa5 13. a3 Rfd8 14. Rd2 h6 15. Bxf6 Bxf6 16. Rfd1 e3 17. fxe3 Bg5 18. Rd3 Ba6 19. cxd5 Bxd3 20. Rxd3 cxd5 21. Bxd5 Rac8 22. Qb3 Qc7 23. Kg2 Rb8 24. Qa2 Bf6 25. e4 Rb6 26. Rf3 Rf8 27. Na4 Rd6 28. b4 Be5 29. Nc5 Rf6 30. Qc4 Rc8 31. Qb5 Rxf3 32. exf3 Bd4 33. Qc4 Bxc5 34. bxc5 Qe7 35. c6 Rc7 36. Qc3 Qd8 37. Qb4 g6 38. h4 Kg7 39. Qd4+ Kh7 40. Qb4 Qf6 41. f4 Qe7 42. Qa5 Qd6 43. e5 Qe7 44. Qc3 Qd8 45. Qb3 Qf8 46. Qc3 Qe7 47. Kf3 Qd8 48. Qb3 Qe7 49. Qc3 Qd8 50. Ke4 Qc8 51. Qa5 h5 52. Ke3 Qb8 53. Qb4 Qxb4 54. axb4 Kg7 55. Ke4 Kf8 56. f5 Ke7 57. fxg6 fxg6 58. Kf4 Kf8 59. b5 Kg7 60. Kg5 Re7 61. Kf4 Rc7 62. Ke4 Kf8 63. Kd4 Ke8 64. Be4 Rg7 65. Kd5 Kd8 66. Kd6 g5 67. hxg5 Re7 68. Bg6 Rg7 69. Bxh5 Rh7 70. Bg4 Rg7 71. Bd7 Rg6+ 72. e6 a5 73. c7# 1-0

[Event "GER-chT Lands U20"]
[Site "Hannover"]
[Date "2023.10.01"]
[Round "1"]
[White "Lu, Yunong Elias"]
[Black "Weber, Nikita"]
[Result "1/2-1/2"]
[WhiteElo "1781"]
[BlackElo "1650"]
[PlyCount "106"]
[EventDate "2023.10.01"]
[EventType "team-swiss"]
[EventRounds "7"]
[EventCountry "GER"]
[SourceTitle "EXT 2024"]
[Source "ChessBase"]
[SourceDate "2023.10.10"]
[SourceVersion "1"]
[SourceVersionDate "2023.10.10"]
[SourceQuality "1"]

1. e4 c6 2. Nc3 d5 3. Nf3 Bg4 4. h3 Bxf3 5. Qxf3 e6 6. g3 Nd7 7. d4 Qb6 8. Qd3 dxe4 9. Nxe4 Ngf6 10. c3 Nxe4 11. Qxe4 Nf6 12. Qc2 Bd6 13. Bg2 0-0 14. 0-0 h6 15. Be3 Nd5 16. Rae1 Qa6 17. Bxd5 cxd5 18. a3 Rfc8 19. f4 Rc6 20. Kh2 f5 21. Bc1 Rac8 22. Rf3 Be7 23. g4 fxg4 24. hxg4 Bf6 25. Qf2 Qb6 26. g5 Bxd4 27. Qf1 Qc7 28. gxh6 gxh6 29. Qh3 Bg7 30. Rg3 Kh7 31. Rxe6 Rxe6 32. Qxe6 d4 33. f5 Qc6 34. Qg6+ Qxg6 35. fxg6+ Kg8 36. Kg2 dxc3 37. bxc3 b5 38. Bd2 Rd8 39. Be3 a6 40. Bc5 Rd2+ 41. Kh3 Rc2 42. Bb4 Bf6 43. Re3 Kg7 44. Re6 Bxc3 45. Rc6 Bxb4 46. Rxc2 Bxa3 47. Rc7+ Kxg6 48. Rc6+ Kg5 49. Rxa6 b4 50. Rb6 Kf4 51. Rxh6 Ke3 52. Rb6 Kd3 53. Rxb4 Bxb4 1/2-1/2

[Event "GER-chT Lands U20"]
[Site "Hannover"]
[Date "2023.10.01"]
[Round "2"]
[White "Weber, Nikita"]
[Black "Koepnick, Amanda"]
[Result "1-0"]
[WhiteElo "1650"]
[BlackElo "1333"]
[PlyCount "107"]
[EventDate "2023.10.01"]
[EventType "team-swiss"]
[EventRounds "7"]
[EventCountry "GER"]
[SourceTitle "EXT 2024"]
[Source "ChessBase"]
[SourceDate "2023.10.10"]
[SourceVersion "1"]
[SourceVersionDate "2023.10.10"]
[SourceQuality "1"]

1. c4 Nf6 2. Nc3 e6 3. g3 d5 4. cxd5 exd5 5. d4 Bb4 6. Bg5 Be6 7. Nf3 0-0 8. Bg2 Nbd7 9. 0-0 Be7 10. Rc1 Re8 11. Qc2 Nf8 12. Rfd1 Ng6 13. Ne5 Ng4 14. Bxe7 Nxe7 15. Nxg4 Bxg4 16. Qb3 Rb8 17. h3 Be6 18. Na4 c6 19. Nc5 Nf5 20. Qf3 Nd6 21. b3 Qc8 22. Qf4 Nb5 23. a4 Nc7 24. Kh2 Re7 25. Re1 Ne8 26. e4 Qc7 27. exd5 Qxf4 28. gxf4 cxd5 29. f5 Nc7 30. fxe6 fxe6 31. Re2 b6 32. Nd3 b5 33. Ne5 Rb7 34. axb5 Rxb5 35. Rec2 Ne8 36. b4 g6 37. Rc5 Rbb7 38. Re1 Nd6 39. Ng4 Nf5 40. Rc8+ Kg7 41. Ne5 Nxd4 42. Nc6 Nxc6 43. Rxc6 Rxb4 44. Bxd5 e5 45. Ra6 Rd4 46. Bg2 Rf4 47. Kg3 g5 48. Rea1 Rff7 49. Bd5 Rf6 50. Rxa7 Rxa7 51. Rxa7+ Kh6 52. Be4 g4 53. Kh4 g3 54. Rxh7# 1-0

[Event "GER-ch U14"]
[Site "Willingen"]
[Date "2023.05.31"]
[Round "6"]
[White "Lu, Yunong Elias"]
[Black "Weber, Nikita"]
[Result "0-1"]
[WhiteElo "1823"]
[BlackElo "1531"]
[PlyCount "90"]
[EventDate "2023.05.27"]
[EventType "swiss"]
[EventRounds "9"]
[EventCountry "GER"]
[SourceTitle "CBM 214 Extra"]
[Source "ChessBase"]
[SourceDate "2023.07.31"]
[SourceVersion "1"]
[SourceVersionDate "2023.07.31"]
[SourceQuality "1"]

1. e4 c6 2. Nc3 d5 3. Nf3 dxe4 4. Nxe4 Nf6 5. Qe2 Nxe4 6. Qxe4 Qd5 7. Qh4 Bf5 8. Bc4 Qa5 9. c3 e6 10. d4 Nd7 11. Bf4 Nf6 12. Bg3 Ne4 13. 0-0 g5 14. Nxg5 Be7 15. f4 Nd2 16. Bb3 Nxf1 17. Rxf1 h6 18. Qh5 Bg6 19. Qh3 Qf5 20. Re1 Bxg5 21. fxg5 Qxh3 22. gxh3 hxg5 23. Re5 Bf5 24. d5 cxd5 25. Bxd5 Rd8 26. Bxb7 Rd2 27. Bc6+ Ke7 28. Rb5 Rhd8 29. Rb7+ Kf6 30. Rb4 Re2 31. Rd4 Rxd4 32. cxd4 Rxb2 33. a4 Bxh3 34. Bc7 Rc2 35. Be5+ Kf5 36. Bb5 Rg2+ 37. Kh1 Rd2 38. Kg1 f6 39. Bb8 Rxd4 40. Bxa7 Rg4+ 41. Kh1 Bg2+ 42. Kg1 Bc6+ 43. Kf2 Bxb5 44. axb5 Rb4 45. b6 e5 0-1

[Event "GER-ch U14"]
[Site "Willingen"]
[Date "2022.06.09"]
[Round "7"]
[White "Grundmann, Max"]
[Black "Weber, Nikita"]
[Result "0-1"]
[WhiteElo "1358"]
[BlackElo "1264"]
[PlyCount "62"]
[EventDate "2022.06.04"]
[EventType "swiss"]
[EventRounds "9"]
[EventCountry "GER"]
[SourceTitle "CBM 208 Extra"]
[Source "ChessBase"]
[SourceDate "2022.07.31"]
[SourceVersion "1"]
[SourceVersionDate "2022.07.31"]
[SourceQuality "1"]

1. d4 d5 2. c4 c6 3. Nc3 Nf6 4. Bg5 e6 5. e3 Nbd7 6. cxd5 exd5 7. Nf3 Bd6 8. Bd3 0-0 9. 0-0 Re8 10. Rb1 Qc7 11. Ne2 Ne4 12. Bf4 Bxf4 13. Nxf4 Nf8 14. b4 Nc3 15. Qc2 Nxb1 16. Rxb1 f6 17. b5 Bd7 18. Nxd5 Qa5 19. bxc6 Bxc6 20. Bc4 Kh8 21. Qb3 Rad8 22. Nf4 Bxf3 23. gxf3 Qg5+ 24. Kf1 Rxd4 25. exd4 Qxf4 26. Re1 Rxe1+ 27. Kxe1 Qc1+ 28. Ke2 Ng6 29. f4 Nxf4+ 30. Kf3 g5 31. Bd5 Qh1+ 0-1

[Event "GER-ch U14"]
[Site "Willingen"]
[Date "2022.06.05"]
[Round "2"]
[White "Weber, Nikita"]
[Black "Mueller, Maximilian3333"]
[Result "0-1"]
[WhiteElo "1264"]
[BlackElo "1875"]
[PlyCount "108"]
[EventDate "2022.06.04"]
[EventType "swiss"]
[EventRounds "9"]
[EventCountry "GER"]
[SourceTitle "CBM 208 Extra"]
[Source "ChessBase"]
[SourceDate "2022.07.31"]
[SourceVersion "1"]
[SourceVersionDate "2022.07.31"]
[SourceQuality "1"]

1. c4 g6 2. Nc3 Bg7 3. g3 d6 4. Bg2 e5 5. e4 Nc6 6. Nge2 h5 7. h4 Nh6 8. d3 0-0 9. 0-0 Kh7 10. Nd5 Bg4 11. f3 Be6 12. Bg5 f6 13. Be3 Qd7 14. Qd2 Nd8 15. Qa5 b6 16. Qe1 c6 17. Ndc3 Ndf7 18. b4 Rab8 19. Qf2 f5 20. Rab1 Nh8 21. Bh3 f4 22. Bxe6 Qxe6 23. gxf4 exf4 24. Bxf4 Qd7 25. Qg3 Rf6 26. d4 Rbf8 27. Rbd1 a5 28. bxa5 bxa5 29. Qh2 Qe6 30. d5 Qe7 31. dxc6 Rxf4 32. Nxf4 Bxc3 33. Rd3 Be5 34. Qf2 Rxf4 35. Rb1 N8f7 36. Rb7 Qe6 37. c7 Qc8 38. Ra7 d5 39. Rxd5 Ng4 40. Qg2 Bxc7 41. Qb2 Rxf3 42. Qb7 Rg3+ 43. Kf1 Nh2+ 44. Ke1 Re3+ 45. Kd2 Nf1+ 46. Kc1 Re1+ 47. Kb2 Qh8+ 48. e5 Rxe5 49. Rxe5 Qxe5+ 50. Kc2 Qe2+ 51. Kb3 Nd2+ 52. Kc2 Nxc4+ 53. Kb1 Na3+ 54. Ka1 Be5+ 0-1

[Event "GER-ch U12"]
[Site "Willingen"]
[Date "2021.08.26"]
[Round "6"]
[White "Fruth, David"]
[Black "Weber, Nikita"]
[Result "1-0"]
[WhiteElo "1749"]
[BlackElo "1352"]
[PlyCount "93"]
[EventDate "2021.08.22"]
[EventType "swiss"]
[EventRounds "9"]
[EventCountry "GER"]
[SourceTitle "EXT 2022"]
[Source "ChessBase"]
[SourceDate "2021.10.06"]
[SourceVersion "1"]
[SourceVersionDate "2021.10.06"]
[SourceQuality "1"]

1. e4 d5 2. exd5 Qxd5 3. Nc3 Qd8 4. d4 Nf6 5. Nf3 g6 6. Bc4 Bg7 7. 0-0 0-0 8. h3 a6 9. Be3 b5 10. Bb3 Bb7 11. a4 b4 12. Na2 a5 13. c3 bxc3 14. Nxc3 Nc6 15. Rc1 Nb4 16. Ne5 Nfd5 17. Nxd5 Nxd5 18. Nc6 Bxc6 19. Rxc6 Nb4 20. Rc4 Ra6 21. Qc1 Rd6 22. Rxc7 Bxd4 23. Bxd4 Rxd4 24. Ra7 Nd3 25. Qc3 Nb4 26. Rxa5 Qxa5 27. Qxd4 Nc6 28. Qd5 Qb6 29. Rb1 Na5 30. Bc4 Qb4 31. Qb5 Qxc4 32. Qxa5 Qa2 33. Re1 Qxb2 34. Rxe7 Qc2 35. Qb4 Ra8 36. a5 Qf5 37. a6 Qc8 38. a7 Qd8 39. Rb7 Qd1+ 40. Kh2 Kg7 41. Rxf7+ Kxf7 42. Qb7+ Kf6 43. Qxa8 Qd6+ 44. g3 Qc5 45. Qf3+ Kg5 46. Qf4+ Kh5 47. Qh4# 1-0

[Event "GER-ch U12"]
[Site "Willingen"]
[Date "2021.08.23"]
[Round "1"]
[White "Weber, Nikita"]
[Black "Engel, Bruno"]
[Result "1-0"]
[WhiteElo "1352"]
[BlackElo "1660"]
[PlyCount "157"]
[EventDate "2021.08.22"]
[EventType "swiss"]
[EventRounds "9"]
[EventCountry "GER"]
[SourceTitle "EXT 2022"]
[Source "ChessBase"]
[SourceDate "2021.10.06"]
[SourceVersion "1"]
[SourceVersionDate "2021.10.06"]
[SourceQuality "1"]

1. c4 Nf6 2. d4 c5 3. d5 b5 4. cxb5 a6 5. b6 Qxb6 6. Nc3 d6 7. e4 g6 8. Rb1 Bg7 9. Be2 0-0 10. Be3 Ne8 11. Qc2 Qc7 12. Nf3 f5 13. exf5 Bxf5 14. Bd3 Bxd3 15. Qxd3 Nd7 16. Ng5 Ne5 17. Qe2 Qa5 18. Ne6 Rf7 19. 0-0 Bf6 20. f4 Nd7 21. Bd2 Qb6 22. Kh1 Ng7 23. g4 Nf8 24. g5 Bd4 25. Nxg7 Bxg7 26. Rf3 Re8 27. Re3 Rxf4 28. Rxe7 Rxe7 29. Qxe7 Rf7 30. Qe4 Be5 31. Be3 Nd7 32. Ne2 Qb5 33. Bf4 Rf5 34. Nc3 Bxc3 35. bxc3 Qa5 36. Qe6+ Rf7 37. Bxd6 Qxc3 38. Rf1 Qg7 39. Be7 Nf8 40. Bxf8 Qxf8 41. d6 Kg7 42. Qe5+ Kg8 43. Rf6 Qa8+ 44. Kg1 Qd8 45. Qd5 Qd7 46. Re6 Qa4 47. Re7 Qg4+ 48. Kh1 Qf4 49. Rxf7 Qxf7 50. Qd1 Qd7 51. Qd5+ Kg7 52. Qxc5 Kf7 53. Qc4+ Qe6 54. Qc7+ Kf8 55. Qd8+ Kf7 56. Qc7+ Kf8 57. Qb8+ Kf7 58. Qa7+ Ke8 59. Qxa6 Qe1+ 60. Kg2 Qd2+ 61. Kf1 Qf4+ 62. Ke1 Qb4+ 63. Ke2 Qb2+ 64. Kd3 Qb1+ 65. Kc3 Qc1+ 66. Kb4 Qb2+ 67. Kc5 Qe5+ 68. Kc6 Qc3+ 69. Kb7 Qb4+ 70. Ka7 Qd4+ 71. Qb6 Qa4+ 72. Qa6 Qd4+ 73. Kb7 Qb4+ 74. Qb6 Qf4 75. Qc6+ Kf8 76. Qc8+ Kf7 77. Qd7+ Kg8 78. Qe6+ Kg7 79. Qf6+ 1-0